000 01255nam a2200325 c 4500
003 BLK
005 20180422105113.0
008 180409b bul|||||r ||||||| ||bul||
010 _aKNG00102138000
020 _a954-90829-6-2
_bиздат.: Арте ново
040 _aBLK
041 _aBUL
_cBUL
080 _aИзселване (Емиграция). Изселници. Политика на изселване
_b325.2
_x(71)(035)
_z325.2(71)(035)
100 1 _aХристова, Надежда
_eпърви автор
_gАлексова, Бистра Спасова
_9372778
139 _aХристова, Надежда
_bХ 79
245 1 0 _aЕмиграция в Канада
_bСправочник
_cНадежда Христова.
257 _aBGR
260 София
_bАрте ново
_c2001
_fСофия : Коректа
300 _a112 с.
_bтабл.
_c21 см
380 _a3
500 _aВ кн. озна 2. доп. и прераб. изд.
650 4 _aЕмиграция, българска - в Канада
_9248089
653 _aемиграция
653 _aКанада
852 _aЦб 212029
856 4 _qpdf
_u
856 4 _qpdf
_u
942 _cKNG
_n0
944 _aCR
_c01.01.2001
_kКети_Илиева
944 _aED
_c13.11.2012
_k
999 _c97230
_d97230